Introduction to Probability /
Na minha lista:
| Autor principal: | |
|---|---|
| Formato: | Livro |
| Idioma: | inglês |
| Publicado em: |
New York :
The Random House,
1988
|
| Tags: |
Sem tags, seja o primeiro a adicionar uma tag!
|
MARC
| LEADER | 00000nam a22000003a 4500 | ||
|---|---|---|---|
| 001 | stu20750 | ||
| 005 | 20150617225753.2 | ||
| 008 | 920928s1988----xxu-----------------eng-d | ||
| 020 | |a 0-394-34485-5 | ||
| 040 | |a STU |b slo | ||
| 041 | 0 | |a eng | |
| 044 | |a xxu | ||
| 080 | |a 519.21 | ||
| 100 | 1 | |a Snell, James Laurie |4 aut | |
| 245 | 1 | |a Introduction to Probability / |c [aut.]Snell,J.Laurie | |
| 260 | |a New York : |b The Random House, |c 1988 | ||
| 300 | |a 478 s : |b Tab.,grafy | ||
| 996 | |b C90025 |c C*90025 |l CCXX |s P |a 0 |w stu20750_0001 | ||